000 00366nam a2200133Ia 4500
008 180705s9999 xx 000 0 und d
020 _a9780692269831
100 _aAlmanzor, Jayra
245 _cJayra Almanzo.
_aStygian rift /
260 _aUSA:
_bBlack bed sheet books
_c2014
300 _ai, 285 pages
650 _aFantasy fiction, American.
650 _aFiction.
999 _c358145
_d358145